Fourth international congress on catalysis. Moscow 23-29 de June, 1968 : preprints of the papers /
Guardado en:
| Autores Corporativos: | , |
|---|---|
| Otros Autores: | |
| Formato: | Libro |
| Idioma: | English |
| Publicado: |
Houston, Texas :
Rice University,
1969.
|
| Materias: | |
| Etiquetas: |
Agregar Etiqueta
Sin Etiquetas, Sea el primero en etiquetar este registro!
|
| LEADER | 01262nam a22002655a 4500 | ||
|---|---|---|---|
| 001 | EIQ.libpla000791 | ||
| 008 | 060526s1969####ru#a#####b####101#0#eng#d | ||
| 005 | 20060526182338.0 | ||
| 245 | 1 | 0 | |a Fourth international congress on catalysis. Moscow 23-29 de June, 1968 : |b preprints of the papers / |c compiled for the Catalysis society by Joe W. Hightower. |
| 260 | |a Houston, Texas : |b Rice University, |c 1969. | ||
| 300 | |a 6v. : |b il. ; |c 21 cm. | ||
| 500 | |a Tabla de contenido e índice de autores en vol 1. | ||
| 504 | |a Incluye referencias bibliográficas. | ||
| 111 | 2 | |a International Congress on Catalysis |n (4º : |d 1968 : |c Moscow, USSR) | |
| 700 | 1 | |a Hightower, Joe W., |e comp. |4 com | |
| 710 | 2 | |a Catalysis Society. | |
| 650 | 4 | |a Catálisis |x Congresos. | |
| 650 | 4 | |a Catalysis |x Congresses. | |
| 040 | |a AR-BbSID |b spa |c AR-BbSID | ||
| 859 | |a AR-BbSID |b BIB. PLAPIQUI |h 541.395 |i In 8 |p 508 |v Vol. 1 |3 Vol. 1 | ||
| 859 | |a AR-BbSID |b BIB. PLAPIQUI |h 541.395 |i In 8 |p 509 |v Vol. 2 |3 Vol. 2 | ||
| 859 | |a AR-BbSID |b BIB. PLAPIQUI |h 541.395 |i In 8 |p 510 |v Vol. 3 |3 Vol. 3 | ||
| 859 | |a AR-BbSID |b BIB. PLAPIQUI |h 541.395 |i In 8 |p 511 |v Vol. 4 |3 Vol. 4 | ||
| 859 | |a AR-BbSID |b BIB. PLAPIQUI |h 541.395 |i In 8 |p 512 |v Vol.5 |3 Vol. 5 | ||
| 859 | |a AR-BbSID |b BIB. PLAPIQUI |h 541.395 |i In 8 |p 513 |v Vol. 6 |3 Vol. 6 | ||
